Countries Closest to Bosnia and Herzegovina - 30 Second Sprint - Statistics

General Stats
  • This quiz has been taken 74 times
  • The average score is 11 of 20
Answer Stats
km country miles % Correct
0 Croatia 0
89%
0 Serbia 0
87%
45 Slovenia 28
83%
94 Albania 59
79%
0 Montenegro 0
79%
282 Greece 175
77%
153 Italy 95
74%
96 Kosovo 60
68%
221 Bulgaria 137
62%
68 Hungary 42
62%
129 Romania 80
60%
196 Macedonia 122
55%
162 Austria 100
53%
282 Slovakia 175
38%
331 Germany 206
30%
271 San Marino 169
28%
372 Czechia 231
21%
436 Ukraine 271
17%
400 Vatican City 249
17%
438 Switzerland 272
11%
No matching quizzes found
Score Distribution
Percent of People with Each Score
Percentile by Number Answered
Your Score History
You have not taken this quiz